000 01445nam a22003737a 4500
003 CHAP
005 20220329143529.0
008 100413s2010 mx r 00010 spa d
010 _a98103
011 _a99075
035 _a109760
040 _cCHAP
090 _aTesis
100 1 _aRuiz Galván, Isabel.
_9100677
245 1 0 _aControl biológico de Xanthomonas vesicatoria, en jitomate bajo invernadero
_c/por Isabel Ruiz Galván
260 _aChapingo, Méx. :
_bEl autor,
_c2009
300 _avi,38 h. :
_bilus., cuadros
502 _aTesis (Ing. Agr. Esp. en Parasitología Agrícola) -- UACH. Departamento de Parasitología Agrícola
530 _aTambién disponible en línea
590 _aALEPH
_b10
_c20130110
_lUCH01
_h1533
590 _aBATCH-UPD
_b10
_c20130110
_lUCH01
_h1944
590 _aBATCH-UPD
_b10
_c20130410
_lUCH01
_h1307
590 _aBATCH-UPD
_b10
_c20130914
_lUCH01
_h2010
590 _aBATCH-UPD
_b10
_c20140324
_lUCH01
_h1516
590 _aBATCH-UPD
_b10
_c20141002
_lUCH01
_h0842
590 _aCONVERSION
_b10
_c20130109
_lUCH01
_h1354
650 0 4 _aTomate
_xEnfermedades por bacterias.
_9113712
650 1 4 _aXanthomonas vesicatoria.
_9122889
856 _3Finding aid
_uhttp://10.13.5.2/tesis/109760.pdf
_zTeclea aqui
901 _aBK
942 _cFOLL
949 _aTesis
_bBC
_cTES
_d33724002116743
_eTS1
_gDonaciØn
_h50338
_i109760
_sb
949 _aTesis
_bBC
_cTES
_d33724002116785
_eTS2
_fc.2
_gDonaciØn
_h50339
_i109760
_sb
999 _c98103
_d98103